1355 1075 1539 1339 1484 1627 1563 1435 1282 1163 1368 1265 1499 1718 1817 1045 1880 1781 1053 1438 1853 1478 1032 1127 1635 1086 1220 1028 1817 1108 1425 1805 1275 1723 1705 1867 1225 1973 1258 1573 1390 1897 1011 1330 1670 1460 1593 1401 1850 1198 1284 1111 1410 1769 1183 1562 1001 1183 1382 1840 1952 1148 1565 1413 1673 1970 1676 1468 1164 1754 1578 1921 1773 1592 1617 1208 1733 1112 1906 1713 1137 1536 1763 1899 1239 1275 1968 1397 1299 1897 1422 1484 1461 1452 1122 1945 1847 1073 1484 BCNSPRNW ULIB Ver.6.0+V

เปลี่ยนเป็นภาษาไทย

Change to English
 แสดงรายละเอียดบรรณานุกรม
  กลับหน้าหลัก

Brief Record : Get Marc (ISO 2709) : E-mail record : QR code < ปิดหน้าต่าง
LEADER : 00000nam 2200000uu 4500
001    13399111998
003     ULIB
008    110719s2551||||th 000 0 tha d
020    9744513816
090    นว.^bจ757S 2551
100 0   เจ้าปลาน้อย,นามแฝง
245 00  Switch รักเปลี่ยนหัวใจยัยตัวป่วน/^cเจ้าปลาน้อย
250     พิมพ์ครั้งที่ 1
260     กรุงเทพฯ :^bแจ่มใส,^c2551
300     205 หน้า
945    ^p149^l0^i026761
995     เกษร
999     ^aใช้งานได้ทุกระบบ
รายการนี้ยังไม่มีแท็ก
คุณยังไม่ได้ล็อกอิน คุณสามารถมีกิจกรรมร่วมกับเว็บไซต์ได้ แต่ต้องล็อกอินก่อน ::
  ล็อกอิน

รายการสื่อสารสนเทศ

ลำดับที่ ประเภท เลขเรียก/บาร์โค้ด สถานที่ สถานะ
1. วิทยาศาสตร์การแพทย์ และสุขภาพ
วิทยาศาสตร์การแพทย์ และสุขภาพ
นว. จ757S 2551  
  Barcode: 026761
ห้องสมุดวิทยาเขตสวรรค์ประชารักษ์
►นวนิยาย
บนชั้น
  ขอยืม

BibComment


ยังไม่เคยถูกคอมเมนท์

คอมเมนท์ทรัพยากรรายการนี้
  คอมเมนท์: Switch รักเปลี่ย..


 Copyright 2026. Bcnsprnw @Library